| 000 | 02084nam a22004811i 4500 | ||
|---|---|---|---|
| 001 | ebr10784631 | ||
| 003 | CaPaEBR | ||
| 006 | m o d | ||
| 007 | cr cn||||||||| | ||
| 008 | 130520t20132013gw ob 000 0 eng d | ||
| 020 | _a9783653032420 (e-book) | ||
| 020 | _z3631636466 (print) | ||
| 020 | _z9783631636466 (print) | ||
| 040 |
_aCaPaEBR _beng _erda _epn _cCaPaEBR |
||
| 035 | _a(OCoLC)861200356 | ||
| 041 | 1 |
_aeng _hpol |
|
| 043 |
_aeb----- _ae-pl--- |
||
| 050 | 1 | 4 |
_aDK500.L57 _bZ3513 2013eb |
| 082 | 0 | 4 |
_a327.47980438 _223 |
| 100 | 1 | _aZajas, Krzysztof. | |
| 240 | 1 | 0 |
_aNieobecna kultura. _lEnglish |
| 245 | 1 | 0 |
_aAbsent culture : _bthe case of Polish Livonia / _cKrzysztof Zajas. |
| 264 | 1 |
_aFrankfurt am Main ; _aNew York : _bPeter Lang Edition, _c[2013] |
|
| 264 | 4 | _c�2013 | |
| 300 | _a1 online resource (410 pages) | ||
| 336 |
_atext _2rdacontent |
||
| 337 |
_acomputer _2rdamedia |
||
| 338 |
_aonline resource _2rdacarrier |
||
| 490 | 1 |
_aPolish studies : transdisciplinary perspectives, _x2191-3293 ; _vvolume 4 |
|
| 504 | _aIncludes bibliographical references (pages 391-408). | ||
| 588 | _aDescription based on print version record. | ||
| 590 | _aElectronic reproduction. Palo Alto, Calif. : ebrary, 2013. Available via World Wide Web. Access may be limited to ebrary affiliated libraries. | ||
| 650 | 0 |
_aPolish people _zLivonia _xHistory. |
|
| 651 | 0 |
_aLivonia _xCivilization. |
|
| 651 | 0 |
_aLivonia _xHistory. |
|
| 651 | 0 |
_aLivonia _xRelations _zPoland. |
|
| 651 | 0 |
_aPoland _xRelations _zLivonia. |
|
| 655 | 0 | _aElectronic books. | |
| 776 | 0 | 8 |
_iPrint version: _aZajas, Krzysztof. _tAbsent culture : the case of Polish Livonia. _dFrankfurt am Main ; New York : Peter Lang Edition, [2013] _h408 pages ; 22 cm. _kPolish studies : transdisciplinary perspectives ; v. 4. _z9783631636466 _z3631636466 _w(DLC) 2013017517 |
| 797 | 2 | _aebrary. | |
| 830 | 0 |
_aPolish studies, transdisciplinary perspectives ; _vv. 4. |
|
| 856 | 4 | 0 |
_uhttp://site.ebrary.com/lib/rucke/Doc?id=10784631 _zAn electronic book accessible through the World Wide Web; click to view |
| 999 |
_c133451 _d133451 |
||